00310nam a22001217a 450000500170000000800410001704100130005808200120007110000120008324500590009526000090015465000250016320231026100057.0231026b |||||||| |||| 00| 0 eng d aEnglish  a347 ARB lEnglish aArbitration, Seminar 1996 (2) /cpresented by C Cohen  c1996 aLegal practice bLaw